000 00906nam a22002417a 4500
999 _c13769
_d13769
003 MIRAKIL
005 20200214114258.0
008 200214b tu ||||| |||| 00| 0 tur d
020 _a9786053325963
040 _aTR-AnCHP
_btur
_cTR-AnCHP
041 _atur
082 _a650.1
_bM86l 2015
100 _aMurray, Kevin
245 _aLiderlik dili:
_bbaşarılı ceo'ların iletişim sırları/
_cKevin Murray; Çeviren Ümit Şensoy.
260 _aİstanbul:
_bTürkiye İş Bankası Kültür Yayınları,
_c2015
300 _axxx, 358 s.:
_bfotg.,grf.;
_c23 sm.
490 0 _aTürkiye İş Bankası Kültür Yayınları;
_vGenel yayın: 3418.
500 _aÖzgün yapıtadı: The language of leaders how top CEOS communicate to inspire, influence and achieve results
650 _aLiderlik
_xiletişim
650 0 _aYönetciler
_xbaşarı
_96278
700 _aŞensoy, Ümit
_eçev.
942 _2ddc
_cBKS